Alternative Project - Based Accounting in SMEs to Reach Sustainability Targets
Systémy nákladového účtovníctva pre SMEs (Small and Medium-Sized Enterprises). Základné atribúty požiadaviek na udržateľnosť, platobnú neschopnosť SMEs a interné účtovníctvo. Technické nástroje podnikového účtovníctva.
Salvato in:
| Autore principale: | |
|---|---|
| Natura: | Capitolo di libro |
| Lingua: | tedesco |
| Soggetti: | |
| Tags: |
Nessun Tag, puoi essere il primo ad aggiungerne!!
|
MARC
| LEADER | 00000naa$a2200000$$$4500 | ||
|---|---|---|---|
| 001 | 0295370 | ||
| 005 | 20240502074505.6 | ||
| 041 | 0 | |a ger | |
| 044 | |a SK | ||
| 245 | 1 | 0 | |a Alternative Project - Based Accounting in SMEs to Reach Sustainability Targets |c Christian Schödel |
| 520 | |a Systémy nákladového účtovníctva pre SMEs (Small and Medium-Sized Enterprises). Základné atribúty požiadaviek na udržateľnosť, platobnú neschopnosť SMEs a interné účtovníctvo. Technické nástroje podnikového účtovníctva. | ||
| 610 | 2 | 0 | |a udržateľnosť |
| 610 | 2 | 0 | |a podnik malý |
| 610 | 2 | 0 | |a podnik stredný |
| 610 | 2 | 0 | |a účtovníctvo nákladové |
| 610 | 2 | 0 | |a náklady režijné |
| 610 | 2 | 0 | |a insolventnosť |
| 610 | 2 | 0 | |a transparentnosť |
| 100 | 1 | |a Schödel, Christian, 1963- | |